Surface Activity : (Record no. 72113)
[ view plain ]
| 000 -LEADER | |
|---|---|
| fixed length control field | 00891nam a2200265 a 4500 |
| 001 - CONTROL NUMBER | |
| control field | 72113 |
| 003 - CONTROL NUMBER IDENTIFIER | |
| rucl marc code | BD-RJUL |
| 005 - DATE AND TIME OF LATEST TRANSACTION | |
| control field | 20211209082219.0 |
| 008 - FIXED-LENGTH DATA ELEMENTS--GENERAL INFORMATION | |
| fixed length control field | 170514s1951 enka 001 0 eng d |
| 035 ## - SYSTEM CONTROL NUMBER | |
| System control number | (BD-RJUL) 72329 |
| 040 ## - CATALOGING SOURCE | |
| Original cataloging agency | DLC |
| Transcribing agency | UMR |
| Modifying agency | UKM |
| -- | BD-RJUL |
| Language of cataloging | eng |
| 041 ## - LANGUAGE CODE | |
| Language code of text/sound track or separate title | eng |
| 082 ## - DEWEY DECIMAL CLASSIFICATION NUMBER | |
| Classification number | 541.33 |
| Edition number | 23 |
| Author mark and year | MOS 1951 |
| 100 1# - MAIN ENTRY--PERSONAL NAME | |
| Personal name | Moilliet, J. L. |
| 9 (RLIN) | 213269 |
| 245 10 - TITLE STATEMENT | |
| Title | Surface Activity : |
| Remainder of title | The Physical Chemistry, Technical Applications And Chemical Constitution Of Synthetic Surface-Active Agents / |
| Statement of responsibility, etc. | by J. L. Moilliet and B. Collie. |
| 260 ## - PUBLICATION, DISTRIBUTION, ETC. (IMPRINT) | |
| Place of publication, distribution, etc. | London : |
| Name of publisher, distributor, etc. | E. & F. N. Spon Ltd., |
| Date of publication, distribution, etc. | c1951. |
| 300 ## - PHYSICAL DESCRIPTION | |
| Pagination | x, 379 p. : |
| Illustrations | ill. ; |
| Size | 26 cm. |
| 490 0# - SERIES STATEMENT | |
| Series statement | Spon's industrial chemistry series |
| 500 ## - GENERAL NOTE | |
| General note | Includes Index. |
| 650 ## - SUBJECT ADDED ENTRY--TOPICAL TERM | |
| Topical term or geographic name as entry element | Surface chemistry |
| 9 (RLIN) | 213270 |
| 700 1# - ADDED ENTRY--PERSONAL NAME | |
| Personal name | Collie, B. |
| 856 ## - ELECTRONIC LOCATION AND ACCESS | |
| Materials specified | Spon's industrial chemistry series |
| 942 ## - ADDED ENTRY ELEMENTS (KOHA) | |
| Source of classification or shelving scheme | Dewey Decimal Classification |
| Koha item type | Books |
| Lost status | Source of classification or shelving scheme | Damaged status | Not for loan | Collection code | Permanent Location | Current Location | Shelving location | Date acquired | Source of acquisition | Cost, normal purchase price | Total Checkouts | Full call number | Date last seen | Copy number | Koha item type |
|---|---|---|---|---|---|---|---|---|---|---|---|---|---|---|---|
| Dewey Decimal Classification | Not For Loan | Non-fiction | Central Library, University of Rajshahi | Central Library, University of Rajshahi | Reading Room | 20/01/1958 | B.H. Blackwell | 2.15 | 541.33 MOS 1951 | 14/05/2017 | C-1 | Books | |||
| Dewey Decimal Classification | Non-fiction | Central Library, University of Rajshahi | Central Library, University of Rajshahi | 03/12/2019 | 541.33 MOS 1951 | 03/12/2019 | C-2 | Books |